[Event "World Amateur-ch U2300"]
[Site "Spoleto"]
[Date "2017.04.06"]
[Round "7"]
[White "Sandhya, Goli"]
[Black "Lopez Ramirez, Jorge Hernan"]
[Result "1-0"]
[WhiteElo "1845"]
[BlackElo "1962"]
[PlyCount "135"]
[EventDate "2017.04.01"]
[EventType "swiss"]
[EventRounds "9"]
[EventCountry "ITA"]
[SourceTitle "CBM 177 Extra"]
[Source "ChessBase"]
[SourceDate "2017.04.27"]
[SourceVersion "1"]
[SourceVersionDate "2017.04.27"]
[SourceQuality "1"]

1. e4 e5 2. Nf3 Nc6 3. Bc4 Nf6 4. d3 Be7 5. 0-0 0-0 6. c3 d5 7. exd5 Nxd5 8. d4 e4 9. Ne5 Nxe5 10. dxe5 c6 11. Re1 Bc5 12. b4 Bb6 13. Rxe4 Bf5 14. Re1 Qh4 15. Qf3 Be6 16. Bxd5 Bxd5 17. Qg3 Qe7 18. Be3 Bxe3 19. Qxe3 a5 20. a3 b5 21. Nd2 f6 22. exf6 Qxf6 23. f3 a4 24. Rac1 Qg6 25. Ne4 Rae8 26. Re2 Re5 27. Qd4 Rh5 28. Ng3 Rxh2 29. Kxh2 Qh6+ 30. Kg1 Qxc1+ 31. Kf2 Qg5 32. Qe5 Qg6 33. Ne4 h6 34. Ng3 Kh7 35. Qd4 Qg5 36. Qc5 Rf7 37. Qd6 Qh4 38. Qe5 Rf6 39. Qh5 Qc4 40. Qe5 Qb3 41. Nh5 Rf7 42. Nf4 Bc4 43. Rd2 Qb1 44. Kg3 Rf5 45. Qe4 Qxe4 46. fxe4 Re5 47. Kf3 c5 48. Nd3 Bxd3 49. Rxd3 cxb4 50. cxb4 Kg6 51. Rd6+ Kg5 52. g4 g6 53. Rd8 Re7 54. Rd5+ Kh4 55. e5 Rf7+ 56. Ke4 Kxg4 57. e6 Rf8 58. Ke5 h5 59. e7 Re8 60. Kf6 h4 61. Rg5+ Kf3 62. Rxg6 h3 63. Kf7 h2 64. Rh6 Rxe7+ 65. Kxe7 Kg2 66. Kd6 h1Q 67. Rxh1 Kxh1 68. Kc5 1-0

[Event "World Amateur-ch U2300"]
[Site "Spoleto"]
[Date "2017.04.05"]
[Round "6"]
[White "Battistella, Stefano"]
[Black "Sandhya, Goli"]
[Result "1/2-1/2"]
[WhiteElo "2067"]
[BlackElo "1845"]
[PlyCount "67"]
[EventDate "2017.04.01"]
[EventType "swiss"]
[EventRounds "9"]
[EventCountry "ITA"]
[SourceTitle "CBM 177 Extra"]
[Source "ChessBase"]
[SourceDate "2017.04.27"]
[SourceVersion "1"]
[SourceVersionDate "2017.04.27"]
[SourceQuality "1"]

1. c4 c5 2. Nc3 Nc6 3. Nf3 g6 4. e3 Bg7 5. d4 cxd4 6. exd4 e6 7. d5 Ne5 8. Nxe5 Bxe5 9. Be2 Ne7 10. 0-0 0-0 11. Bg5 f6 12. Bh6 Re8 13. Bd3 exd5 14. cxd5 d6 15. Rc1 a6 16. Be3 f5 17. Na4 f4 18. Bb6 Qd7 19. Rc7 Qg4 20. Qxg4 Bxg4 21. Rxb7 Nxd5 22. Bc4 Be6 23. Rd1 Nxb6 24. Bxe6+ Rxe6 25. Nxb6 Rae8 26. Nd5 Bxb2 27. Rf1 Be5 28. Rb6 Rc8 29. Rxa6 Rc2 30. Nb4 Rb2 31. Nd3 Rc2 32. Nb4 Rb2 33. Nd3 Rc2 34. Nb4 1/2-1/2

[Event "World Amateur-ch U2300"]
[Site "Spoleto"]
[Date "2017.04.04"]
[Round "5"]
[White "Sandhya, Goli"]
[Black "Grasso, Gaetano"]
[Result "0-1"]
[WhiteElo "1845"]
[BlackElo "2201"]
[PlyCount "114"]
[EventDate "2017.04.01"]
[EventType "swiss"]
[EventRounds "9"]
[EventCountry "ITA"]
[SourceTitle "CBM 177 Extra"]
[Source "ChessBase"]
[SourceDate "2017.04.27"]
[SourceVersion "1"]
[SourceVersionDate "2017.04.27"]
[SourceQuality "1"]

1. e4 c5 2. Nf3 g6 3. d4 cxd4 4. Nxd4 Nc6 5. Nc3 Bg7 6. Be3 Nf6 7. Bc4 0-0 8. Qd2 Nxe4 9. Nxe4 d5 10. Nxc6 bxc6 11. 0-0-0 Qc7 12. Bxd5 cxd5 13. Qxd5 Bb7 14. Qc5 Qb8 15. Nc3 Bxg2 16. Rhg1 Bf3 17. Rd7 Qxh2 18. Re1 Rab8 19. Rxa7 Bf6 20. Qc7 Qh3 21. Qg3 Qh5 22. Ra3 Rfc8 23. Bf4 Rxb2 24. Kxb2 Qb5+ 25. Rb3 Bxc3+ 26. Kb1 Qc6 27. Rc1 Be4 28. Rxc3 Qxc3 29. Qxc3 Rxc3 30. Kb2 Rf3 31. Bg3 f5 32. Re1 Kf7 33. Re2 g5 34. a4 Bc6 35. Bc7 Bxa4 36. Bd8 Bb5 37. Rxe7+ Kg6 38. Re6+ Kh5 39. Bb6 Kg4 40. Re5 Bf1 41. Re1 Bc4 42. Rg1+ Kh5 43. Rg2 Bd5 44. Rg1 Rf4 45. Be3 Rg4 46. Rd1 Bf3 47. Rd6 Rc4 48. c3 f4 49. Bd4 Rc6 50. Rd7 h6 51. Rf7 Kg4 52. Bf6 h5 53. Be7 Rg6 54. c4 h4 55. Rh7 h3 56. Kc3 Be4 57. Rh8 Rg7 0-1

[Event "World Amateur-ch U2300"]
[Site "Spoleto"]
[Date "2017.04.03"]
[Round "4"]
[White "Levina, Anna V"]
[Black "Sandhya, Goli"]
[Result "1/2-1/2"]
[WhiteElo "2059"]
[BlackElo "1845"]
[PlyCount "79"]
[EventDate "2017.04.01"]
[EventType "swiss"]
[EventRounds "9"]
[EventCountry "ITA"]
[SourceTitle "CBM 177 Extra"]
[Source "ChessBase"]
[SourceDate "2017.04.27"]
[SourceVersion "1"]
[SourceVersionDate "2017.04.27"]
[SourceQuality "1"]

1. e4 c5 2. c3 Nf6 3. e5 Nd5 4. d4 cxd4 5. cxd4 e6 6. Nf3 d6 7. a3 Nc6 8. Bd3 g6 9. 0-0 Bg7 10. Re1 0-0 11. b4 a6 12. Bb2 b5 13. Nc3 Nxc3 14. Bxc3 Ra7 15. Rc1 dxe5 16. Bb2 e4 17. Rxe4 f5 18. Re1 Nxd4 19. Nxd4 Bxd4 20. Rxc8 Qxc8 21. Bxd4 Rd7 22. Qa1 e5 23. Bc5 Rxd3 24. Bxf8 Qxf8 25. Qxe5 Qf7 26. h3 Qd7 27. Qb8+ Kg7 28. Qe5+ Kg8 29. Qb2 Qf7 30. Rc1 Qd7 31. Qf6 Rd6 32. Qe5 Rd1+ 33. Rxd1 Qxd1+ 34. Kh2 Qd7 35. Qb8+ Kg7 36. Qb6 Qd2 37. Qb7+ Kg8 38. Qxa6 Qf4+ 39. Kg1 Qc1+ 40. Kh2 1/2-1/2